00729 2200253 4500001002100000005001700021008004100038020001800079035002400097082001000121090001700131100002600148245009600174250001100270260004100281300002900322500003100351500001100382650003100393850001500424980001500439985000600454999001500460YOGYA-0209000003417720090227024850.0 ind  a979-416-373-2 0010-020900000034177 a959.8 a959.8bTir D aTirtosudarmo, Riwanto aDemografi politikbpengembangan Indoneia dari Riau sampai Timor TimurcRiwanto Tirtosudarmo aCet. 1 aJakartabPustaka Sinar Harapanc1996 aix, 204 hlmbilusc21 cm aBibliografi : hlm. 179-195 aIndeks aIndonesia - Politik sosial aYOPDYOG(B) a10-16-2006 a1 a03A0000691